000 00866nab a2200253 u 4500
001 17592
003 HDC
007 cr bn ---aaaaa
008 210224c9999 xx dr|noo 0 a eng d
040 _aHDC
100 _aRaja Abdulrahim
_eauthor
_916906
245 0 _aMarketing to Muslims poses a challenge for retailers / by
_cRaja Abdulrahim
260 _a[No place] :
_b[publisher not identified],
_c[no year]
336 _atext
_2rdacontent
337 _acomputer
_2rdamedia
338 _aonline resource
_2rdacarrier
650 _amainstream marketing
_916907
650 _aMuslim market
_94581
710 _aHalal focus
856 _zRequest full-text at [email protected]
942 _2lcc
942 _cNEWS
942 _kNWSO 005963
999 _c14908
_d14908